Geographic tables and formulas. (Record no. 25846)

MARC details
000 -LEADER
fixed length control field 00736cam a22002171 4500
001 - CONTROL NUMBER
control field gs 18000196
003 - CONTROL NUMBER IDENTIFIER
control field DLC
005 - DATE AND TIME OF LATEST TRANSACTION
control field 20260227111322.0
008 - FIXED-LENGTH DATA ELEMENTS--GENERAL INFORMATION
fixed length control field 780204s1918 xx 000 0 eng c
010 ## - LIBRARY OF CONGRESS CONTROL NUMBER
LC control number gs 18000196
035 ## - SYSTEM CONTROL NUMBER
System control number (OCoLC)3603446
040 ## - CATALOGING SOURCE
Original cataloging agency Library, U.S. Geological Survey
Transcribing agency OT
Modifying agency DLC
050 00 - LIBRARY OF CONGRESS CALL NUMBER
Classification number QE75
Item number .B9 no. 650d
100 1# - MAIN ENTRY--PERSONAL NAME
Personal name Gannett, Samuel S.
Fuller form of name (Samuel Stinson),
Dates associated with a name 1861-1939.
245 00 - TITLE STATEMENT
Title Geographic tables and formulas.
250 ## - EDITION STATEMENT
Edition statement 4th ed.:
Remainder of edition statement comp. by Samuel S. Gannett, reprinted with additions and corrections.
260 ## - PUBLICATION, DISTRIBUTION, ETC.
Place of publication, distribution, etc. Washington,
Name of publisher, distributor, etc. Govt. print. off.,
Date of publication, distribution, etc. 1918.
300 ## - PHYSICAL DESCRIPTION
Extent 424 p.
Other physical details diagrs.
Dimensions 24 cm.
490 0# - SERIES STATEMENT
Series statement U.S. Geological survey. Bulletin 650
650 #0 - SUBJECT ADDED ENTRY--TOPICAL TERM
Topical term or geographic name entry element Mathematical geography
General subdivision Tables.

No items available.

Powered by Koha